LEADER 01205nam0 2200397 450 001 9910309359703321 005 20220405102120.0 010 $a978-88-428-2496-1 100 $a20190215d2018----km y0itay50 ba 101 1 $aita$ceng 102 $aIT 105 $aa 001yy 200 1 $a<>divide$eguida per risolvere la disuguaglianza globale$fJason Hickel$gtraduzione di Fabio Galimberti 210 $aMilano$cil Saggiatore$d2018 215 $a321 p.$cill.$d22 cm 225 1 $a<>Cultura$v1185 454 0$12001$a<>divide$91542545 610 0 $aSviluppo sostenibile$aSec. 21 610 0 $aDisuguaglianza sociale$aSec. 21 610 0 $aReddito$aDistribuzione$aSec. 21 676 $a338.9$v22$zita 676 $a339.22$v22$zita 676 $a330.91724$v23$zita 700 1$aHickel,$bJason$0761729 702 1$aGalimberti,$bFabio 801 0$aIT$bUNINA$gREICAT$2UNIMARC 901 $aBK 912 $a9910309359703321 952 $a338.9 HIC 1$b5692$fBFS 952 $aCOLLEZ. 994 (1185)$b2123/2019$fFSPBC 952 $a60 330.917 HICJ 2018$b066/2022$fFAGBC 959 $aFSPBC 959 $aBFS 959 $aFAGBC 996 $aDivide$91542545 997 $aUNINA LEADER 01152nam 2200373 450 001 9910138288203321 005 20221015133614.0 010 $a953-51-4453-7 035 $a(CKB)3230000000075353 035 $a(NjHacI)993230000000075353 035 $a(EXLCZ)993230000000075353 100 $a20221015d2011 uy 0 101 0 $aeng 135 $aur||||||||||| 181 $ctxt$2rdacontent 182 $cc$2rdamedia 183 $acr$2rdacarrier 200 00$aAdvanced Biomedical Engineering /$fGaetano D. Gargiulo, Alistair McEwan, editors 210 1$aRijeka, Croatia :$cIntechOpen,$d[2011] 210 4$d©2011 215 $a1 online resource (vi, 280 pages) $cillustrations 311 $a953-307-555-4 320 $aIncludes bibliographical references and index. 606 $aBiomedical engineering$xData processing 615 0$aBiomedical engineering$xData processing. 676 $a610.28 702 $aGargiulo$b Gaetano D. 702 $aMcEwan$b Alistair 801 0$bNjHacI 801 1$bNjHacl 906 $aBOOK 912 $a9910138288203321 996 $aAdvanced biomedical engineering$91949599 997 $aUNINA LEADER 02195nas 2200661-a 450 001 996206941403316 005 20240413013052.0 011 $a1725-1427 035 $a(DE-599)ZDB2645567-5 035 $a(CKB)1000000000223307 035 $a(CONSER)--2002238202 035 $a(EXLCZ)991000000000223307 100 $a20010418b20002006 -f- - 101 0 $aeng 181 $ctxt$2rdacontent 182 $cc$2rdamedia 183 $acr$2rdacarrier 200 00$aRegions, statistical yearbook ... /$fEurostat 210 $aLuxembourg $cOffice for Official Publications of the European Communities$d2000-2006 215 $a1 online resource 225 1 $aPanorama of the European Union 225 1 $a2000-2004: Theme 1--General statistics 225 1 $a2005- : Theme--General and regional statistics 311 08$aPrint version: Regions, statistical yearbook ... / 1681-9306 (DLC) 2002238202 (OCoLC)46771820 410 0$aPanorama of the European Union. 410 0$aTheme 1--General statistics. 410 0$aTheme--General and regional statistics. 517 3 $aStatistical yearbook 531 $aEUROSTAT REGIONAL YEARBOOK 531 $aREGIONS, STATISTICAL YEARBOOK ... / EUROSTAT. 531 0 $aReg.: stat. yearb. 606 $aBevolking$2gtt 606 $aEconomische aspecten$2gtt 606 $aLandbouw$2gtt 606 $aArbeidsmarkt$2gtt 606 $aRegionale aspecten$2gtt 606 $aECONOMIC STATISTICS$2unbist 606 $aEUROPE$2unbist 607 $aEuropean Union countries$vStatistics$vPeriodicals 607 $aEuropean Union countries$2fast 608 $aPeriodicals.$2fast 608 $aStatistics.$2fast 608 $aPeriodicals.$2lcgft 608 $aStatistics.$2lcgft 615 17$aBevolking. 615 17$aEconomische aspecten. 615 17$aLandbouw. 615 17$aArbeidsmarkt. 615 17$aRegionale aspecten. 615 17$aECONOMIC STATISTICS. 615 17$aEUROPE. 712 02$aStatistical Office of the European Communities. 712 02$aEuropean Commission. 906 $aJOURNAL 912 $a996206941403316 920 $aexl_impl conversion 996 $aRégions$91030980 997 $aUNISA